[Event "Madrid Tajamar Easter op-B"]
[Site "Madrid"]
[Date "2018.03.23"]
[Round "2"]
[White "Lopez Garralon, Jorge"]
[Black "Carreres Boluda, David"]
[Result "1/2-1/2"]
[WhiteElo "1558"]
[BlackElo "1722"]
[PlyCount "55"]
[EventDate "2018.03.22"]
[EventType "swiss"]
[EventRounds "7"]
[EventCountry "ESP"]
[SourceTitle "EXT 2019"]
[Source "ChessBase"]
[SourceDate "2018.10.10"]
[SourceVersion "1"]
[SourceVersionDate "2018.10.10"]
[SourceQuality "1"]

1. e4 d5 2. exd5 Qxd5 3. Nc3 Qa5 4. d4 c6 5. Nf3 Nf6 6. Bd2 Qc7 7. Bc4 Bf5 8. Ne2 e6 9. Ng3 Bg6 10. Ne5 Bd6 11. f4 0-0 12. c3 b5 13. Be2 Bxe5 14. fxe5 Ne4 15. Nxe4 Bxe4 16. 0-0 Nd7 17. Rf4 Bg6 18. Bg4 Nb6 19. h4 Nd5 20. Rf2 h6 21. Bh5 c5 22. Qg4 Bf5 23. Qg3 Kh7 24. Raf1 cxd4 25. cxd4 Qc4 26. Rd1 Bg6 27. b3 Qc7 28. Be2 1/2-1/2

[Event "Madrid-ch U18 1314"]
[Site "Madrid"]
[Date "2013.10.25"]
[Round "6"]
[White "Lopez Garralon, Jorge"]
[Black "Hernandez Ramos, David"]
[Result "0-1"]
[WhiteElo "1345"]
[BlackElo "1753"]
[PlyCount "70"]
[EventDate "2013.10.04"]
[EventType "swiss"]
[EventRounds "7"]
[EventCountry "ESP"]
[SourceTitle "EXT 2015"]
[Source "ChessBase"]
[SourceDate "2014.11.20"]
[SourceVersion "1"]
[SourceVersionDate "2014.11.20"]
[SourceQuality "1"]

1. e4 e6 2. d3 d5 3. e5 c5 4. c3 Nc6 5. Nf3 Nge7 6. Bf4 Qb6 7. Qc2 Ng6 8. Bg3 Bd7 9. Nbd2 Qc7 10. d4 cxd4 11. cxd4 Rc8 12. Rc1 Qb6 13. Qb3 Bb4 14. Qd3 0-0 15. a3 Bxd2+ 16. Qxd2 Nxd4 17. Rxc8 Nxf3+ 18. gxf3 Rxc8 19. Bd3 Bb5 20. Bc2 Qc5 21. Kd1 d4 22. a4 Bc4 23. b4 Qd5 24. Ke1 Qxf3 25. Rg1 d3 26. Bd1 Qd5 27. Qb2 a5 28. b5 Ne7 29. Bf4 Qe4+ 30. Be3 Nd5 31. Qd2 Qxe5 32. h4 Qh2 33. Rxg7+ Kxg7 34. Bh6+ Kh8 35. Qg5 Rg8 0-1

[Event "Madrid-ch U18 1314"]
[Site "Madrid"]
[Date "2013.10.11"]
[Round "3"]
[White "Vela Martinez, Jose"]
[Black "Lopez Garralon, Jorge"]
[Result "1/2-1/2"]
[WhiteElo "1584"]
[BlackElo "1345"]
[PlyCount "44"]
[EventDate "2013.10.04"]
[EventType "swiss"]
[EventRounds "7"]
[EventCountry "ESP"]
[SourceTitle "EXT 2015"]
[Source "ChessBase"]
[SourceDate "2014.11.20"]
[SourceVersion "1"]
[SourceVersionDate "2014.11.20"]
[SourceQuality "1"]

1. e4 d6 2. Nf3 Nf6 3. Nc3 Nbd7 4. d4 e5 5. Bg5 Be7 6. Bd3 c6 7. 0-0 h6 8. Bh4 g5 9. Bg3 Qc7 10. dxe5 dxe5 11. Nd4 Nf8 12. Nf3 Ng6 13. Ne2 Bg4 14. Ned4 Bd6 15. Nf5 Bxf5 16. exf5 Nf4 17. Re1 0-0 18. c4 Rfe8 19. Bc2 Bb4 20. Re3 Bc5 21. Re1 Bb4 22. Re3 Bc5 1/2-1/2

[Event "Madrid-ch Previa-B"]
[Site "Madrid"]
[Date "2013.02.09"]
[Round "5"]
[White "Lopez Garralon, Jorge"]
[Black "Merino Araguas, Jose Javier"]
[Result "0-1"]
[WhiteElo "1270"]
[BlackElo "1829"]
[PlyCount "86"]
[EventDate "2013.02.01"]
[EventType "swiss"]
[EventRounds "9"]
[EventCountry "ESP"]
[SourceTitle "CBM 152 Extra"]
[Source "ChessBase"]
[SourceDate "2013.02.25"]
[SourceVersion "1"]
[SourceVersionDate "2013.02.25"]
[SourceQuality "1"]

1. e4 e6 2. d3 d5 3. Nd2 Nf6 4. Ngf3 c5 5. c3 Nc6 6. Be2 Be7 7. a3 0-0 8. 0-0 b6 9. b4 dxe4 10. dxe4 Qc7 11. Re1 Bb7 12. Bb5 Rfd8 13. Qc2 a6 14. Bd3 e5 15. Nc4 b5 16. Ne3 c4 17. Bf1 Nb8 18. Nf5 Re8 19. Bg5 Nbd7 20. Rad1 Bf8 21. h3 h6 22. Bc1 Rad8 23. g4 Nh7 24. h4 Qc6 25. g5 Qg6 26. h5 Qxh5 27. gxh6 gxh6 28. Be2 Qg4+ 29. Ng3 Qg7 30. Nh4 Ng5 31. Bg4 Nf6 32. Ngf5 Nh3+ 33. Kh2 Qxg4 34. Rg1 Nxg1 35. Rxg1 Qxg1+ 36. Kxg1 Bxe4 37. Qe2 Rd3 38. Bxh6 Bxh6 39. Nxh6+ Kh7 40. N6f5 Red8 41. Ng3 Rd2 42. Qe3 Rd1+ 43. Kh2 Ng4+ 0-1